20 Biggest Cities In Nunavut - Statistics

General Stats
  • This quiz has been taken 72 times
  • The average score is 7 of 20
Answer Stats
Population City % Correct
7,740 Iqaluit
98%
1,766 Cambridge Bay
59%
2,657 Arviat
50%
2,842 Rankin Inlet
50%
2,069 Baker Lake
46%
1,617 Pond Inlet
46%
868 Arctic Bay
37%
1,324 Gjoa Haven
37%
1,682 Igloolik
35%
933 Kugaaruk
26%
1,491 Kugluktuk
26%
1,053 Clyde River
24%
891 Coral Harbour
24%
1,029 Taloyoak
24%
848 Hall Beach
20%
1,441 Cape Dorset
15%
598 Qikiqtarjuaq
15%
1,082 Naujaat
13%
882 Sanikiluaq
11%
1,481 Pagnirtung
7%
No matching quizzes found
Score Distribution
Percent of People with Each Score
Percentile by Number Answered
Your Score History
You have not taken this quiz